Cholesterol autoxidation /

Bibliographic Details
Main Author: Smith, Leland L.
Corporate Author: SpringerLink (Online service)
Format: eBook
Language:English
Published: New York : Plenum, [1981]
Subjects:
Online Access:Connect to the full text of this electronic book

MARC

Tag First Indicator Second Indicator Subfields
LEADER 00000cam a2200000Ki 4500
001 in00003549708
006 m o d
007 cr cnu---unuuu
008 140711s1981 nyua ob 001 0 eng d
005 20260421164425.2
020 |a 9781475796919 (electronic bk.) 
020 |a 1475796919 (electronic bk.) 
020 |z 0306407590 
020 |z 9780306407598 
024 7 |a 10.1007/978-1-4757-9691-9  |2 doi 
035 |a (OCoLC)883381876 
040 |a GW5XE  |b eng  |e rda  |e pn  |c GW5XE  |d UtOrBLW 
049 |a TXAM 
050 4 |a QP752.C5  |b S56 1981eb 
060 1 4 |a QU 95  |b S654c 1981 
082 0 4 |a 599.01/92431  |2 22 
084 |a 35.78  |2 bcl 
100 1 |a Smith, Leland L. 
245 1 0 |a Cholesterol autoxidation /  |c Leland L. Smith. 
264 1 |a New York :  |b Plenum,  |c [1981] 
264 4 |c ©1981 
300 |a 1 online resource (xviii, 674 pages) :  |b illustrations. 
336 |a text  |b txt  |2 rdacontent 
337 |a computer  |b c  |2 rdamedia 
338 |a online resource  |b cr  |2 rdacarrier 
504 |a Bibliography: pages 525-637. 
500 |a Includes index. 
588 |a Description based on print version record. 
650 0 |a Cholesterol. 
650 0 |a Oxidation. 
650 0 |a Cholesterol  |x Metabolism. 
650 6 |a Cholestérol. 
650 6 |a Oxydation. 
650 6 |a Cholestérol  |x Métabolisme. 
650 2 |a Cholesterol  |x metabolism. 
650 2 |a Oxygen. 
650 7 |a Cholesterol.  |2 fast  |0 (OCoLC)fst00858427 
650 7 |a Cholesterol  |x Metabolism.  |2 fast  |0 (OCoLC)fst00858430 
650 7 |a Oxidation.  |2 fast  |0 (OCoLC)fst01049555 
655 7 |a Electronic books.  |2 local 
710 2 |a SpringerLink (Online service) 
776 1 8 |i Print version:  |a Smith, Leland L.  |t Cholesterol autoxidation  |z 0306407590  |w (DLC) 81010616  |w (OCoLC)7573509 
856 4 0 |u http://proxy.library.tamu.edu/login?url=https://link.springer.com/10.1007/978-1-4757-9691-9  |z Connect to the full text of this electronic book  |t 0 
994 |a 92  |b TXA 
999 |a MARS 
999 f f |s b6da0aa7-fd48-318a-8d8f-af418a3ecc9b  |i 043c6ddd-8d55-31c6-9f5f-51c3a693cae7  |t 0 
952 f f |a Texas A&M University  |b College Station  |c Electronic Resources  |s www_evans  |d Available Online  |t 0  |e QP752.C5 S56 1981eb  |h Library of Congress classification 
998 f f |a QP752.C5 S56 1981eb  |t 0  |l Available Online